000 00631nam a22001577a 4500
003 OSt
005 20160225153109.0
008 160225b xxu||||| |||| 00| 0 eng d
040 _cRUA
082 _aAGR SEA 2014 B431 Or.1
100 _97493
_aSEANG VEASNA, សៀង វាសនា
245 _aStudy of main diseases on rice in takeo province, ការសិក្សាពីវត្តមានជំងឺសំខាន់ៗលើដំណាំលើដំណាំស្រូវក្នុងខេត្តតាកែវ
260 _aPhnom Penh
_bRUA
_c2013
300 _axiii; 52p.
_bill.
_c29cm.
942 _2ddc
_cAGR
999 _c7082
_d7082